| 000 | 00895cad a22002055a 4500 | ||
|---|---|---|---|
| 001 | L139785 | ||
| 008 | 070808s2006 f e 000 0 eng d | ||
| 035 | _a(Sirsi) u139785 | ||
| 041 | 0 | _aeng | |
| 050 | 0 | 4 | _a333.3303 $2 18 |
| 110 | 2 |
_aJones Lang LaSalle _93755 |
|
| 245 | 0 | 4 |
_aThe little book of real estate definitions Asia Pacific _h[electronic resource] |
| 260 |
_a[S.l.] _bJLL _c2006 |
||
| 520 | _aThis online dictionary covers all aspects of real estate terms, including local country variations. Provides an A-Z of real estate definitions in Asia Pacific, information on market practices, metric conversion tools, office building grades, and specific country terms. | ||
| 590 | _aKA | ||
| 651 | 4 | _aAsia | |
| 690 | _aPROPERTY-COMMERCIAL PROPERTY | ||
| 856 | 4 | 0 |
_uhttps://www.joneslanglasalle.com _zView the online dictionary free of charge at www.joneslanglasalle.com... |
| 942 | _n0 | ||
| 999 |
_c107348 _d107348 |
||